000 01415cam a2200433Ia 4500
001 9230
005 20230410103922.0
008 060907s2000 sp b b 001 0 spa d
035 _a(OCoLC)ocm45246815
040 _aPL#
_bspa
_cPL#
_dU@S
_dOCLCQ
020 _a8432310476
020 _a9788432310478
029 0 _aPL#
_b8432310476
035 _a(OCoLC)45246815
041 1 _aspa
_heng
043 _aaw-----
050 1 4 _a439 DS 44
_bL673i 2000
082 0 0 _a956
049 _aGRAL
100 1 _aLewis, Bernard,
_d1916-
245 1 4 _aLas identidades múltiples de Oriente Medio /
_cpor Bernard Lewis ; [traducción de Alonso Colodrón Gómez].
250 _a1. ed.
260 _aMadrid :
_bSiglo Veintiuno de España Editores,
_c2000.
300 _axi, 161 p. :
_bmapas ;
_c21 cm.
440 0 _aSociología y política
500 _aTítulo original: The multiple identities of the Middle East.
504 _aIncluye referencias bibliográficas (p. 141) e índice.
651 0 _aMiddle East
_xCivilization.
650 0 _aEthnicity
_zMiddle East.
650 0 _aGroup identity
_zMiddle East.
650 0 _aPolitics and culture
_zMiddle East.
651 4 _aMedio oriente
_xHistoria.
651 4 _aMedio Oriente
_xCivilización.
700 1 _aColondrón Gómez, Alfonso.
938 _aPuvill Libros
_bPUVL
_n8432310476
_c$10.98
942 _2lcc
_cbk
994 _aC0
_bDRFGD
946 _aLspaulino
999 _c28428
_d28428